000 00535nam a2200193Ia 4500
005 20250326141321.0
008 250326s9999 xx 000 0 und d
020 _a81-7094-161-X
037 _aTextbook
040 _aFMSL
_beng
_cFMSL
041 _aeng
_2eng
084 _aX651 N4
_qFMSL
100 _aYasaswy N J
245 0 _aStock market analysis intelligent investor.
_cYasaswy N J
260 _aNew Delhi
_bNew Delhi, Vision books
_c1994
300 _a200p
942 _cTB
_hX651 N4
999 _c1289743
_d1289743